00703 2200265 4500001002100000005001700021008004100038020001800079035002400097082001000121090002000131100002400151245008100175250001200256260003100268300002400299650001100323700002200334850001500356980001500371985000600386999001500392999001500407999001500422YOGYA-0209000003568720090227025035.0 ind  a979-413-217-9 0010-020900000035687 a131.3 a131.3bMcg ElT aMcGraw, Martha Mary a60 cara pengembangan diricMartha Mary McGraw ; penerjemah, A. Hasto Pranowo aCet. 11 aYogyakartabKanisiusc1997 a68 hlmbilusc19 cm aSukses aPranowo, A. Hasto aYOPDYOG(B) a10-07-2006 a3 a98P0103147 a98P0103148 a98P0103149